000 00302nam a22001337a 4500
008 171124b xxu||||| |||| 00| 0 eng d
020 _a9781935308416
041 _aeng
080 _a62
100 _a26
101 _aIM
245 _aTHE FALSE PROMISE OF GREEN ENERGY
_cMORRISS,A.P
942 _2udc
_cBK
999 _c38436
_d38436